| 000 | 00814nam a22002897a 4500 | ||
|---|---|---|---|
| 001 | BR9504031 | ||
| 003 | BR-BrBNA | ||
| 005 | 20230928094627.0 | ||
| 007 | ta | ||
| 008 | 230509b bl.||||| |||| 00| 0 por d | ||
| 040 |
_aBR-BrBNA _bpor _cBiblioteca Nacional de Agricultura |
||
| 041 | _a(Por) | ||
| 072 | _aE70; E16 | ||
| 090 | _ E70 BR9504031 | ||
| 110 | 1 |
_aMinisterio da Fazenda, Brasilia, DF (Brasil) _97025 |
|
| 245 | 1 | _aSistema integrado de gestao governamental para o mercado agricola. Acompanhamento de safras | |
| 260 | 3 |
_aBrasilia, DF (Brasil): _c[nd]. |
|
| 300 | _a143 p. | ||
| 650 | _aMercado | ||
| 650 | _aSafra | ||
| 650 | _aSemente | ||
| 650 | _aGrao | ||
| 650 | _aEstatistica de Producao | ||
| 650 | _aSuprimento de Alimento | ||
| 909 |
_a202309 _bLucia _c55 _dLucia Elande |
||
| 942 | _cBK | ||
| 999 |
_c51732 _d51732 |
||